• 首页
  • 本馆介绍
  • 公告通知
  • 最新文献
  • 馆藏检索
  • 电子资源
  • 读者导购
  • 参考咨询
  • 我的图书馆
  • 登录
  • 详细信息显示
  • 放入我的书架
  • 预约/预借图书
  • 作者相关作品
  • 分类相关作品
  • 丛书相关作品
  • 出版社相关作品

书目信息

  • 表格格式
  • 工作单格式
  • 卡片格式
题名:
食品雕刻精解
    
 
作者: 李凯 著
分册:  
出版信息: 成都   四川科学技术出版社  2002
页数: 107页
开本: 26cm
丛书名:
单 册:
中图分类: TS972.114
科图分类:
主题词: 水果--装饰雕塑--中国 , 蔬菜--装饰雕塑--中国
电子资源:
ISBN: 7-5364-5081-8
000 00760nam0 2200253 450
001 070022152040
005 20051219143551.59
010    @a7-5364-5081-8@dCNY38.00
092    @aCN
100    @a20040928e20042002ekmy0chiy0120 ea
101 0  @achi
102    @aCN@b510000
105    @aa z 000yy
200 1  @a食品雕刻精解@9shi pin diao ke jing jie@f李凯著@Fli kai zhu
210    @a成都@c四川科学技术出版社@d2002
215    @a107页@c图@d26cm
330    @a本书由浅入深、循序渐进地讲解了45种食品的雕刻方法,从花卉到鸟类,由动物到人物都有涉及。
606 0  @a水果@x装饰雕塑@y中国
606 0  @a蔬菜@x装饰雕塑@y中国
610 0  @a食雕
690    @aTS972.114@v4
701  0 @a李凯@Ali kai@4著
801  0 @aCN@bCXYBOOK@c20051219
905    @a10447@dTS972.114@e133
    
    食品雕刻精解/李凯著.-成都:四川科学技术出版社,2002
    107页:图;26cm
    
    
    ISBN 7-5364-5081-8:CNY38.00
    本书由浅入深、循序渐进地讲解了45种食品的雕刻方法,从花卉到鸟类,由动物到人物都有涉及。
●
相关链接 在E读中查询图书 在五车中查询图书 在当当中查询图书 在豆瓣中查询图书


正题名:食品雕刻精解     索取号:TS972.114/133         预约/预借

序号 登录号 条形码 馆藏地/架位号 状态 备注
1 0371747   203717479   第二样本阅览室/ [索取号:TS972.114/133] 在馆    
2 0371748   203717488   第三借阅区/ [索取号:TS972.114/133] 在馆    
3 0371749   203717497   第三借阅区/ [索取号:TS972.114/133] 在馆    
4 0371750   203717503   第三借阅区/ [索取号:TS972.114/133] 在馆    
5 0371751   203717512   第三借阅区/ [索取号:TS972.114/133] 在馆    
唐山师范学院图书馆 欢迎您!
大连网信软件有限公司© 版权所有